[Event "Ekaterinburg Scerbin Memorial"]
[Site "Ekaterinburg"]
[Date "2023.01.14"]
[Round "6"]
[White "Slizhevsky, Alexander"]
[Black "Tuzlukov, Damiil"]
[Result "1/2-1/2"]
[WhiteElo "2426"]
[BlackElo "2302"]
[PlyCount "105"]
[EventDate "2023.01.14"]
[EventType "swiss (rapid)"]
[EventRounds "11"]
[EventCountry "RUS"]
[SourceTitle "CBM 212 Extra"]
[Source "ChessBase"]
[SourceDate "2023.03.31"]
[SourceVersion "1"]
[SourceVersionDate "2023.03.31"]
[SourceQuality "1"]

1. e4 c5 2. Nf3 d6 3. d4 cxd4 4. Nxd4 Nf6 5. Nc3 a6 6. Be2 Nc6 7. Be3 Bd7 8. g4 h6 9. f3 Qc7 10. Qd2 Nxd4 11. Qxd4 e5 12. Qb6 Qxb6 13. Bxb6 Bc6 14. 0-0-0 Be7 15. h4 Rc8 16. b3 Bd8 17. Bxd8 Rxd8 18. Rd2 Ke7 19. Rhd1 g5 20. Rh1 Rdg8 21. h5 Rc8 22. a4 Rhd8 23. Bc4 Rc7 24. Kb2 Rcd7 25. Re1 Rc7 26. Red1 Rcd7 27. a5 Kf8 28. Nd5 Bxd5 29. Bxd5 Rc8 30. b4 Ke7 31. Bb3 Ne8 32. Ba4 Rdc7 33. Rd3 Rc4 34. c3 Nf6 35. R1d2 R4c7 36. Bb3 Rc6 37. Ba4 R6c7 38. Rd1 Rc4 39. Bb3 R4c7 40. Rxd6 Rxc3 41. R6d3 Rxd3 42. Rxd3 Rc7 43. Rc3 Rxc3 44. Kxc3 Ne8 45. Kc4 Kd6 46. Kd3 f6 47. Bd5 Kc7 48. Kc4 b6 49. axb6+ Kxb6 50. Be6 Kc6 51. Bd5+ Kb6 52. Be6 Kc6 53. Bd5+ 1/2-1/2

[Event "Titled Tuesday intern op 12th Oct"]
[Site "Chess.com INT"]
[Date "2021.10.12"]
[Round "6"]
[White "Paltrinieri, Nicholas"]
[Black "Slizhevsky, Alexander"]
[Result "0-1"]
[WhiteElo "2344"]
[BlackElo "2426"]
[PlyCount "106"]
[EventDate "2021.10.12"]
[EventType "swiss (blitz)"]
[EventRounds "11"]
[EventCountry "USA"]
[SourceTitle "EXT 2023"]
[Source "ChessBase"]
[SourceDate "2022.10.05"]
[SourceVersion "1"]
[SourceVersionDate "2022.10.05"]
[SourceQuality "1"]

1. e4 c5 2. Nc3 a6 3. a4 d6 4. f4 g6 5. Bc4 Bg7 6. Nf3 e6 7. d3 Ne7 8. 0-0 0-0 9. Bb3 Nbc6 10. Qe1 Nd4 11. Nxd4 cxd4 12. Ne2 e5 13. Qg3 Be6 14. Bxe6 fxe6 15. c4 d5 16. cxd5 exd5 17. exd5 Qxd5 18. Bd2 Rac8 19. fxe5 Rxf1+ 20. Rxf1 Qxe5 21. Qxe5 Bxe5 22. Rc1 Rxc1+ 23. Nxc1 Nd5 24. Ne2 Kf7 25. Kf2 Ke6 26. h3 Nb6 27. b3 Nd7 28. Bb4 Kd5 29. Kf3 Bc7 30. Ng1 Bd6 31. Bxd6 Kxd6 32. Ke4 Nc5+ 33. Kxd4 Nxb3+ 34. Kc4 Nc5 35. a5 Ne6 36. Ne2 Nd8 37. Nd4 Nc6 38. Nxc6 Kxc6 39. d4 b6 40. d5+ Kb7 41. Kd4 bxa5 42. Ke5 Kc7 43. Ke6 Kd8 44. g4 a4 45. g5 a3 46. Kf7 a2 47. Kg7 a1Q+ 48. Kxh7 Qb1 49. h4 Qf5 50. Kh6 Ke7 51. h5 Kf7 52. d6 gxh5 53. Kxh5 Qh3# 0-1

[Event "Titled Tuesday intern op 12th Oct"]
[Site "Chess.com INT"]
[Date "2021.10.12"]
[Round "2"]
[White "Slizhevsky, Alexander"]
[Black "Dinu, Dumitru Daniel"]
[Result "0-1"]
[WhiteElo "2426"]
[BlackElo "2213"]
[PlyCount "88"]
[EventDate "2021.10.12"]
[EventType "swiss (blitz)"]
[EventRounds "11"]
[EventCountry "USA"]
[SourceTitle "EXT 2023"]
[Source "ChessBase"]
[SourceDate "2022.10.05"]
[SourceVersion "1"]
[SourceVersionDate "2022.10.05"]
[SourceQuality "1"]

1. e4 c5 2. Nf3 Nc6 3. d4 cxd4 4. Nxd4 g6 5. c4 Nf6 6. Nc3 d6 7. Be2 Nxd4 8. Qxd4 Bg7 9. Be3 0-0 10. Qd2 a5 11. 0-0 a4 12. f3 Qa5 13. Rac1 Be6 14. Rfd1 Rfc8 15. Nb5 Qxd2 16. Rxd2 Nd7 17. Nd4 Ne5 18. Nxe6 fxe6 19. c5 dxc5 20. Rxc5 Rxc5 21. Bxc5 Rc8 22. Bxe7 Kf7 23. Bb4 Rc1+ 24. Kf2 Nc6 25. Bc3 Bxc3 26. bxc3 Rxc3 27. Rd7+ Kf6 28. Rxb7 Rc2 29. Ke3 Rxa2 30. Rxh7 Ra3+ 31. Kf2 Nd4 32. Bc4 Rc3 33. Bf1 a3 34. Ra7 Rc2+ 35. Ke3 e5 36. h4 a2 37. g4 g5 38. Ra6+ Kg7 39. hxg5 Nb3 40. Bd3 Rg2 41. Bc4 a1Q 42. Rxa1 Nxa1 43. Be6 Nc2+ 44. Kd3 Ne1+ 0-1

[Event "Titled Tuesday intern op 12th Oct"]
[Site "Chess.com INT"]
[Date "2021.10.12"]
[Round "4"]
[White "Slizhevsky, Alexander"]
[Black "Shapiro, Daniel E"]
[Result "1-0"]
[WhiteElo "2426"]
[BlackElo "2284"]
[PlyCount "53"]
[EventDate "2021.10.12"]
[EventType "swiss (blitz)"]
[EventRounds "11"]
[EventCountry "USA"]
[SourceTitle "EXT 2023"]
[Source "ChessBase"]
[SourceDate "2022.10.05"]
[SourceVersion "1"]
[SourceVersionDate "2022.10.05"]
[SourceQuality "1"]

1. e4 c5 2. Nf3 e6 3. d4 cxd4 4. Nxd4 a6 5. Be2 Qc7 6. 0-0 Nf6 7. Nc3 d6 8. f4 Be7 9. a4 b6 10. Bf3 Bb7 11. e5 Nfd7 12. exd6 Bxd6 13. Bxb7 Qxb7 14. Nxe6 Qc6 15. Nxg7+ Kf8 16. Nh5 Rg8 17. Qd5 Bc5+ 18. Kh1 Qg6 19. Qxa8 Qxh5 20. Qf3 Qg6 21. Ne4 Be7 22. f5 Qc6 23. f6 Bd8 24. Bh6+ Ke8 25. Rad1 Ne5 26. Qf5 Ng6 27. Nd6+ 1-0

[Event "Titled Tuesday intern op 15th June"]
[Site "Chess.com INT"]
[Date "2021.06.15"]
[Round "7"]
[White "Slizhevsky, Alexander"]
[Black "Beukes, Dante M"]
[Result "1-0"]
[WhiteElo "2426"]
[BlackElo "2253"]
[PlyCount "99"]
[EventDate "2021.06.15"]
[EventType "swiss (blitz)"]
[EventRounds "11"]
[EventCountry "USA"]
[SourceTitle "CBM 203 Extra"]
[Source "ChessBase"]
[SourceDate "2021.09.30"]
[SourceVersion "1"]
[SourceVersionDate "2021.09.30"]
[SourceQuality "1"]

1. e4 c5 2. Nf3 d6 3. d4 cxd4 4. Nxd4 Nf6 5. Nc3 a6 6. Be2 e5 7. Nf3 Be7 8. Bg5 Be6 9. Bxf6 Bxf6 10. Nd5 Nd7 11. Bc4 Rc8 12. Qe2 Nb6 13. Nxb6 Qxb6 14. Bb3 0-0 15. 0-0 Qc6 16. Rfd1 Rfd8 17. Ne1 d5 18. exd5 Bxd5 19. Bxd5 Rxd5 20. c3 Rcd8 21. Nc2 Qd7 22. Ne3 Rd2 23. Rxd2 Qxd2 24. Kf1 g6 25. Rd1 Qxe2+ 26. Kxe2 Rxd1 27. Kxd1 Bd8 28. Nc4 Bc7 29. a4 f5 30. f3 Kf7 31. Ke2 Ke6 32. Kd3 Kd5 33. Ne3+ Ke6 34. b4 h5 35. c4 h4 36. Nd5 Bd8 37. b5 g5 38. bxa6 bxa6 39. Nb4 a5 40. Nd5 g4 41. fxg4 fxg4 42. Ke4 h3 43. g3 Bg5 44. c5 Bd2 45. c6 Kd6 46. c7 Kd7 47. Kxe5 Be1 48. Kf4 Bf2 49. Kxg4 Bg1 50. Kxh3 1-0

[Event "Titled Tuesday intern op 15th June"]
[Site "Chess.com INT"]
[Date "2021.06.15"]
[Round "10"]
[White "Slizhevsky, Alexander"]
[Black "Kretov, Evgenij"]
[Result "1/2-1/2"]
[WhiteElo "2426"]
[BlackElo "2269"]
[PlyCount "117"]
[EventDate "2021.06.15"]
[EventType "swiss (blitz)"]
[EventRounds "11"]
[EventCountry "USA"]
[SourceTitle "CBM 203 Extra"]
[Source "ChessBase"]
[SourceDate "2021.09.30"]
[SourceVersion "1"]
[SourceVersionDate "2021.09.30"]
[SourceQuality "1"]

1. e4 c5 2. Nf3 Nc6 3. d4 cxd4 4. Nxd4 g6 5. Nc3 Bg7 6. Be3 Nf6 7. Bc4 0-0 8. Bb3 d6 9. f3 Bd7 10. Qd2 Nxd4 11. Bxd4 b5 12. a4 b4 13. Nd5 Nxd5 14. exd5 Qc7 15. Qxb4 Bh6 16. 0-0 Rfc8 17. Qe1 Bf5 18. Rf2 Qd8 19. Re2 Bf8 20. a5 Rc7 21. Qd2 Rac8 22. c3 Rb8 23. Ba4 e5 24. dxe6 Bxe6 25. b4 Qh4 26. Rae1 Bh6 27. Qd1 Rf8 28. Bb3 Bxb3 29. Qxb3 Qg5 30. Be3 Qh4 31. Bxh6 Qxh6 32. Re8 Qd2 33. R8e3 Rfc8 34. Qd1 Qxd1 35. Rxd1 Rxc3 36. Rxc3 Rxc3 37. Rxd6 Rb3 38. Rd8+ Kg7 39. Rb8 a6 40. Rb6 h5 41. h4 Kh6 42. Kh2 Rb2 43. Kg3 Rb3 44. Rxa6 Rxb4 45. Rb6 Ra4 46. a6 Kg7 47. Kh3 Kf8 48. g4 hxg4+ 49. fxg4 Ra3+ 50. Kg2 Kg7 51. Kf2 Kh6 52. Ke2 Ra4 53. Kf3 Ra3+ 54. Kf4 Ra4+ 55. Kg3 Ra3+ 56. Kg2 Ra4 57. Kf3 Ra3+ 58. Kf4 Ra4+ 59. Kf3 1/2-1/2

[Event "Titled Tuesday intern op 15th June"]
[Site "Chess.com INT"]
[Date "2021.06.15"]
[Round "6"]
[White "Zacarias Martinez, Ruben David"]
[Black "Slizhevsky, Alexander"]
[Result "0-1"]
[WhiteElo "2135"]
[BlackElo "2426"]
[PlyCount "75"]
[EventDate "2021.06.15"]
[EventType "swiss (blitz)"]
[EventRounds "11"]
[EventCountry "USA"]
[SourceTitle "CBM 203 Extra"]
[Source "ChessBase"]
[SourceDate "2021.09.30"]
[SourceVersion "1"]
[SourceVersionDate "2021.09.30"]
[SourceQuality "1"]

1. e4 c5 2. Nf3 d6 3. d4 cxd4 4. Nxd4 Nf6 5. Nc3 a6 6. Bg5 e6 7. Qe2 Qc7 8. 0-0-0 Nc6 9. f4 Nxd4 10. Rxd4 Be7 11. g4 0-0 12. Bh4 e5 13. Bxf6 Bxf6 14. Rc4 Qd8 15. f5 b5 16. Rb4 Bb7 17. Bg2 Bc6 18. Rb3 Rb8 19. Rd1 a5 20. Nxb5 a4 21. Rb4 Qa5 22. a3 Bxb5 23. Qe3 h6 24. Kb1 Rfd8 25. Bf3 Qc7 26. c3 Bc4 27. Be2 Rxb4 28. axb4 Bxe2 29. Qxe2 a3 30. Rc1 axb2 31. Kxb2 d5 32. exd5 Rxd5 33. Rd1 Qd7 34. Rxd5 Qxd5 35. Qc2 e4 36. Kb1 Qc4 37. Kb2 Qxb4+ 38. Kc1 0-1

[Event "Titled Tuesday intern op 08th Sept"]
[Site "Chess.com INT"]
[Date "2020.09.08"]
[Round "9"]
[White "Girish, A Koushnik"]
[Black "Slizhevsky, Alexander"]
[Result "1-0"]
[WhiteElo "2498"]
[BlackElo "2426"]
[PlyCount "63"]
[EventDate "2020.09.08"]
[EventType "swiss (blitz)"]
[EventRounds "10"]
[EventCountry "USA"]
[SourceTitle "CBM 198 Extra"]
[Source "ChessBase"]
[SourceDate "2020.11.30"]
[SourceVersion "1"]
[SourceVersionDate "2020.11.30"]
[SourceQuality "1"]

1. d4 Nf6 2. Bg5 Ne4 3. Bf4 c5 4. f3 Qa5+ 5. c3 Nf6 6. d5 g6 7. e4 d6 8. Nd2 Bg7 9. a4 0-0 10. Nc4 Qd8 11. Qd2 b6 12. Ne2 Ba6 13. Ng3 Nbd7 14. Bh6 Bxc4 15. Bxc4 a6 16. h4 Ne5 17. Be2 b5 18. h5 e6 19. hxg6 fxg6 20. Bxg7 Kxg7 21. dxe6 Qe7 22. f4 Nc4 23. Bxc4 bxc4 24. f5 g5 25. Qxg5+ Kh8 26. Nh5 Rab8 27. Nxf6 Rxf6 28. 0-0-0 Rxe6 29. Rxh7+ Qxh7 30. fxe6 Rf8 31. e7 Re8 32. Rxd6 1-0

[Event "Titled Tuesday intern op 08th Sept"]
[Site "Chess.com INT"]
[Date "2020.09.08"]
[Round "7"]
[White "Lagno, Kateryna"]
[Black "Slizhevsky, Alexander"]
[Result "1-0"]
[WhiteElo "2546"]
[BlackElo "2426"]
[PlyCount "77"]
[EventDate "2020.09.08"]
[EventType "swiss (blitz)"]
[EventRounds "10"]
[EventCountry "USA"]
[SourceTitle "CBM 198 Extra"]
[Source "ChessBase"]
[SourceDate "2020.11.30"]
[SourceVersion "1"]
[SourceVersionDate "2020.11.30"]
[SourceQuality "1"]

1. e4 c5 2. Nf3 d6 3. Bb5+ Bd7 4. Bxd7+ Qxd7 5. c4 Nc6 6. Nc3 Nf6 7. d4 cxd4 8. Nxd4 g6 9. f3 Bg7 10. Be3 0-0 11. Rc1 a6 12. 0-0 Nxd4 13. Bxd4 b5 14. cxb5 axb5 15. a3 Rfb8 16. Na2 Rc8 17. Qd3 e5 18. Bc3 d5 19. Bxe5 Qa7+ 20. Bd4 dxe4 21. fxe4 Rd8 22. Bxa7 Rxd3 23. Nb4 Rd2 24. Be3 Rxb2 25. Bd4 Nxe4 26. Bxb2 Bxb2 27. Rcd1 Bxa3 28. Ra1 Ra7 29. Kh1 Ra4 30. Nc2 Bc5 31. Rxa4 bxa4 32. g3 f5 33. Rb1 Nc3 34. Rb8+ Kf7 35. Rc8 Ne4 36. Ra8 Nc3 37. Kg2 Ke6 38. Kf3 h5 39. Kf4 1-0

[Event "Titled Tuesday intern op 08th Sept"]
[Site "Chess.com INT"]
[Date "2020.09.08"]
[Round "10"]
[White "Slizhevsky, Alexander"]
[Black "Erzhanov, Arman"]
[Result "1-0"]
[WhiteElo "2426"]
[BlackElo "2229"]
[PlyCount "85"]
[EventDate "2020.09.08"]
[EventType "swiss (blitz)"]
[EventRounds "10"]
[EventCountry "USA"]
[SourceTitle "CBM 198 Extra"]
[Source "ChessBase"]
[SourceDate "2020.11.30"]
[SourceVersion "1"]
[SourceVersionDate "2020.11.30"]
[SourceQuality "1"]

1. e4 d6 2. d4 Nf6 3. Nc3 e5 4. Nf3 Nbd7 5. Bc4 Be7 6. dxe5 dxe5 7. Ng5 0-0 8. Bxf7+ Rxf7 9. Ne6 Qe8 10. Nxc7 Qd8 11. Nxa8 b6 12. Be3 Bb7 13. Nxb6 axb6 14. f3 Ba6 15. Qd2 Qc7 16. 0-0-0 Bb4 17. a3 Bxc3 18. Qxc3 Qxc3 19. bxc3 Bc4 20. Rd6 b5 21. Rc6 Rf8 22. Rc7 Ra8 23. Ra7 Rxa7 24. Bxa7 Kf7 25. Kd2 Nh5 26. g3 g6 27. Rb1 Ng7 28. Rb4 Bf1 29. Ke1 Bg2 30. Kf2 Bh3 31. Rxb5 Be6 32. Rb4 Ne8 33. Bb6 Ke7 34. a4 Kd6 35. a5 Kc6 36. Be3 Nc7 37. f4 Nb5 38. Bd2 Nd6 39. a6 Nb5 40. Be3 Nc7 41. a7 Nc5 42. Bxc5 Kxc5 43. Rb7 1-0

[Event "Titled Tuesday intern op 08th Sept"]
[Site "Chess.com INT"]
[Date "2020.09.08"]
[Round "6"]
[White "Slizhevsky, Alexander"]
[Black "Mohammad Fahad, Rahman"]
[Result "1-0"]
[WhiteElo "2426"]
[BlackElo "2319"]
[PlyCount "165"]
[EventDate "2020.09.08"]
[EventType "swiss (blitz)"]
[EventRounds "10"]
[EventCountry "USA"]
[SourceTitle "CBM 198 Extra"]
[Source "ChessBase"]
[SourceDate "2020.11.30"]
[SourceVersion "1"]
[SourceVersionDate "2020.11.30"]
[SourceQuality "1"]

1. e4 e5 2. Nf3 Nc6 3. Bb5 a6 4. Ba4 Nf6 5. 0-0 Be7 6. Re1 b5 7. Bb3 0-0 8. h3 Bb7 9. d3 d5 10. exd5 Nxd5 11. Nxe5 Nd4 12. Nd2 c5 13. Ndf3 Nxb3 14. axb3 f6 15. Ng4 f5 16. Nge5 Bf6 17. d4 cxd4 18. Nxd4 Re8 19. Nef3 Qd7 20. Bg5 h6 21. Bxf6 Nxf6 22. Qd2 Rad8 23. Rxe8+ Qxe8 24. Re1 Qh5 25. Qf4 Be4 26. c3 Kh7 27. b4 Qf7 28. Nxf5 Bxf3 29. Qxf3 Rd2 30. Re2 Rd1+ 31. Kh2 Qc7+ 32. Qg3 Qxg3+ 33. Nxg3 Rb1 34. f3 Nd5 35. Ne4 Nb6 36. Nc5 Nc4 37. Nxa6 Nxb2 38. Nc7 Nd3 39. Nxb5 Nf4 40. Rd2 Re1 41. h4 Ne2 42. Rd3 Nc1 43. Rd4 Nb3 44. Re4 Rd1 45. Re7 Nd2 46. Rd7 Nf1+ 47. Kg1 Rxd7 48. Kxf1 Kg6 49. g4 Kf6 50. Ke2 Ke5 51. Nd4 Kd5 52. Kd3 Rf7 53. c4+ Kd6 54. Ke4 Kc7 55. Ne6+ Kb6 56. f4 Re7 57. f5 Rd7 58. Nd4 Re7+ 59. Ne6 Rd7 60. g5 hxg5 61. hxg5 Kc6 62. Ke5 Re7 63. g6 Kd7 64. Kd5 Ke8 65. c5 Rd7+ 66. Ke5 Rd1 67. Nxg7+ Ke7 68. f6+ Kd7 69. f7 Re1+ 70. Kf6 Rf1+ 71. Nf5 Kc6 72. f8Q Kb5 73. Qd6 Rf3 74. c6 Kc4 75. Qc5+ Kb3 76. Qd5+ Ka4 77. Qxf3 Kb5 78. Qd5+ Kb6 79. Qc5+ Kc7 80. Nd4 Kd8 81. Qe7+ Kc8 82. Qd7+ Kb8 83. Qb7# 1-0

[Event "Titled Tuesday intern op 30th June"]
[Site "Chess.com INT"]
[Date "2020.06.30"]
[Round "8"]
[White "Lagno, Kateryna"]
[Black "Slizhevsky, Alexander"]
[Result "1-0"]
[WhiteElo "2546"]
[BlackElo "2426"]
[PlyCount "67"]
[EventDate "2020.06.30"]
[EventType "swiss (blitz)"]
[EventRounds "10"]
[EventCountry "USA"]
[SourceTitle "CBM 197 Extra"]
[Source "ChessBase"]
[SourceDate "2020.09.30"]
[SourceVersion "1"]
[SourceVersionDate "2020.09.30"]
[SourceQuality "1"]

1. e4 c5 2. Nf3 d6 3. Bb5+ Bd7 4. Bxd7+ Qxd7 5. c4 Nc6 6. Nc3 Nf6 7. d4 cxd4 8. Nxd4 g6 9. f3 Bg7 10. Be3 0-0 11. Rc1 a6 12. 0-0 Nxd4 13. Bxd4 b5 14. cxb5 axb5 15. b4 Rfc8 16. Qd3 Rc4 17. a4 Rxb4 18. axb5 Ra3 19. b6 Rab3 20. Rb1 Ne8 21. Bxg7 Nxg7 22. Rxb3 Rxb3 23. Rb1 Rxb1+ 24. Qxb1 Qb7 25. Nd5 Ne6 26. Nxe7+ Kf8 27. Nd5 Nc5 28. Qb2 Kg8 29. Qf6 Qa6 30. h4 Qe2 31. Kh2 Qe1 32. h5 gxh5 33. Ne7+ Kf8 34. Nf5 1-0

[Event "Titled Tuesday intern op 30th June"]
[Site "Chess.com INT"]
[Date "2020.06.30"]
[Round "1"]
[White "Slizhevsky, Alexander"]
[Black "Martinez Alcantara, Jose Eduardo"]
[Result "1/2-1/2"]
[WhiteElo "2426"]
[BlackElo "2620"]
[PlyCount "81"]
[EventDate "2020.06.30"]
[EventType "swiss (blitz)"]
[EventRounds "10"]
[EventCountry "USA"]
[SourceTitle "CBM 197 Extra"]
[Source "ChessBase"]
[SourceDate "2020.09.30"]
[SourceVersion "1"]
[SourceVersionDate "2020.09.30"]
[SourceQuality "1"]

1. e4 c5 2. Nf3 d6 3. d4 cxd4 4. Nxd4 Nf6 5. Nc3 a6 6. Be2 e5 7. Nb3 Be7 8. Bg5 Nbd7 9. a4 b6 10. Bc4 Bb7 11. Nd2 Rc8 12. Qe2 Ra8 13. 0-0 0-0 14. Rfd1 Qc7 15. Nf1 Nc5 16. Bxf6 Bxf6 17. Bd5 Ne6 18. Bxb7 Qxb7 19. Rxd6 Nd4 20. Qd3 Be7 21. Rd5 f6 22. Ne2 Nxe2+ 23. Qxe2 Qc6 24. Ne3 Rfd8 25. Qd3 g6 26. h4 Kg7 27. h5 a5 28. b3 Rxd5 29. Qxd5 Rc8 30. Qxc6 Rxc6 31. hxg6 hxg6 32. Rd1 Kf7 33. Rd7 Ke6 34. Rb7 Bc5 35. Nc4 f5 36. exf5+ gxf5 37. Rh7 Kd5 38. Rd7+ Ke6 39. Rh7 Kd5 40. Rd7+ Ke6 41. Rh7 1/2-1/2

[Event "Titled Tuesday intern op 30th June"]
[Site "Chess.com INT"]
[Date "2020.06.30"]
[Round "9"]
[White "Slizhevsky, Alexander"]
[Black "Mrudul, Dehankar"]
[Result "1-0"]
[WhiteElo "2426"]
[BlackElo "2256"]
[PlyCount "91"]
[EventDate "2020.06.30"]
[EventType "swiss (blitz)"]
[EventRounds "10"]
[EventCountry "USA"]
[SourceTitle "CBM 197 Extra"]
[Source "ChessBase"]
[SourceDate "2020.09.30"]
[SourceVersion "1"]
[SourceVersionDate "2020.09.30"]
[SourceQuality "1"]

1. e4 c5 2. Nf3 d6 3. d4 cxd4 4. Nxd4 Nf6 5. Nc3 a6 6. Be2 e6 7. 0-0 Be7 8. f4 Nbd7 9. a4 Qc7 10. Bf3 0-0 11. g4 Rb8 12. g5 Ne8 13. Bg2 b6 14. Rf3 Bb7 15. Rh3 g6 16. Qg4 Ng7 17. Qh4 h5 18. Be3 e5 19. Nf5 gxf5 20. exf5 Bxg2 21. Kxg2 Qc6+ 22. Kg1 f6 23. g6 d5 24. Bf2 exf4 25. Ne2 Bc5 26. Nxf4 Bxf2+ 27. Qxf2 Ne5 28. Qh4 Qc5+ 29. Kh1 Qxc2 30. Nxh5 Nxh5 31. Qxh5 Qe4+ 32. Kg1 Qg4+ 33. Qxg4 Nxg4 34. Rd1 Rfd8 35. Rd4 Ne5 36. Kg2 Rb7 37. Rdh4 Kf8 38. Rh8+ Ke7 39. R3h7+ Kd6 40. Rxd8+ Kc5 41. Rxb7 d4 42. g7 d3 43. g8Q d2 44. Qd5+ Kb4 45. Rxb6+ Kxa4 46. Qa2# 1-0

[Event "Titled Tuesday intern op 4th Febr"]
[Site "Chess.com INT"]
[Date "2020.02.04"]
[Round "3"]
[White "Dobrov, Vladimir"]
[Black "Slizhevsky, Alexander"]
[Result "1-0"]
[WhiteElo "2478"]
[BlackElo "2426"]
[PlyCount "71"]
[EventDate "2020.02.04"]
[EventType "swiss (blitz)"]
[EventRounds "10"]
[EventCountry "USA"]
[SourceTitle "EXT 2021"]
[Source "ChessBase"]
[SourceDate "2020.10.23"]
[SourceVersion "1"]
[SourceVersionDate "2020.10.23"]
[SourceQuality "1"]

1. d4 Nf6 2. c4 g6 3. g3 Bg7 4. Bg2 d5 5. cxd5 Nxd5 6. Nf3 Nb6 7. 0-0 Nc6 8. Nc3 Nxd4 9. Nxd4 Qxd4 10. Nb5 Qxd1 11. Rxd1 0-0 12. Nxc7 Rb8 13. Bf4 Bxb2 14. Rab1 Bg7 15. Nd5 Nxd5 16. Bxd5 e5 17. Be3 b6 18. Bc5 Bf5 19. Bxf8 Bxf8 20. e4 Bg4 21. Rdc1 Bd6 22. Rc6 Rd8 23. Kg2 Kg7 24. a4 Be2 25. a5 Rd7 26. axb6 axb6 27. Rbxb6 Bf8 28. Rb8 g5 29. Rcc8 Bd6 30. Rg8+ Kf6 31. Rb6 g4 32. h3 Bf3+ 33. Kh2 h5 34. Rh8 Kg6 35. Rc6 f6 36. Be6 1-0

[Event "Titled Tuesday intern op 4th Febr"]
[Site "Chess.com INT"]
[Date "2020.02.04"]
[Round "9"]
[White "Lopez Idarraga, Daniel Eduardo"]
[Black "Slizhevsky, Alexander"]
[Result "0-1"]
[WhiteElo "2009"]
[BlackElo "2426"]
[PlyCount "112"]
[EventDate "2020.02.04"]
[EventType "swiss (blitz)"]
[EventRounds "10"]
[EventCountry "USA"]
[SourceTitle "EXT 2021"]
[Source "ChessBase"]
[SourceDate "2020.10.23"]
[SourceVersion "1"]
[SourceVersionDate "2020.10.23"]
[SourceQuality "1"]

1. e4 c5 2. Nf3 d6 3. d4 cxd4 4. Qxd4 Nc6 5. Qe3 g6 6. Be2 Bg7 7. 0-0 Nf6 8. h3 0-0 9. Rd1 Qb6 10. Nc3 Nb4 11. Qd2 a6 12. a3 Nc6 13. Qf4 Bd7 14. Qh4 Rac8 15. Ng5 h6 16. Nf3 g5 17. Qg3 Rfd8 18. Nxg5 hxg5 19. Bxg5 Kf8 20. Rab1 Ne5 21. Bxf6 Bxf6 22. Nd5 Qc5 23. Nxf6 exf6 24. c3 Be6 25. Rd4 Ke7 26. Rbd1 a5 27. Kh2 Qb6 28. b4 axb4 29. axb4 Qc6 30. Rc1 Rg8 31. Qe3 Rh8 32. f4 Ng4+ 33. Bxg4 Bxg4 34. f5 Rcg8 35. Qf4 Bh5 36. Rc2 Rd8 37. g4 Qb6 38. Rcd2 Bxg4 39. Qxg4 Rhg8 40. Qf4 Qc6 41. c4 b6 42. Qe3 Rd7 43. Qf4 Ra8 44. h4 Ra3 45. h5 Rc3 46. h6 Rxc4 47. h7 Rd8 48. Rxc4 Qxc4 49. Rxd6 Rxd6 50. h8Q Qe2+ 51. Kg3 Rd3+ 52. Kh4 Qe1+ 53. Kg4 Qg1+ 54. Kh4 Qh1+ 55. Kg4 Qg2+ 56. Kh4 Rh3# 0-1

[Event "Titled Tuesday intern op 4th Febr"]
[Site "Chess.com INT"]
[Date "2020.02.04"]
[Round "2"]
[White "Slizhevsky, Alexander"]
[Black "Filgueiras, Nathan Felipe"]
[Result "1-0"]
[WhiteElo "2426"]
[BlackElo "2309"]
[PlyCount "67"]
[EventDate "2020.02.04"]
[EventType "swiss (blitz)"]
[EventRounds "10"]
[EventCountry "USA"]
[SourceTitle "EXT 2021"]
[Source "ChessBase"]
[SourceDate "2020.10.23"]
[SourceVersion "1"]
[SourceVersionDate "2020.10.23"]
[SourceQuality "1"]

1. e4 c5 2. Nf3 Nc6 3. d4 cxd4 4. Nxd4 e5 5. Nb5 d6 6. N1c3 a6 7. Na3 b5 8. Nd5 Nce7 9. c4 Nxd5 10. exd5 bxc4 11. Nxc4 Nf6 12. Be3 Rb8 13. Be2 Be7 14. 0-0 0-0 15. a4 Bb7 16. Nb6 Nd7 17. a5 Nxb6 18. Bxb6 Qe8 19. b4 f5 20. Qb3 Bd8 21. Rfc1 Bxb6 22. axb6 e4 23. Bxa6 f4 24. Bxb7 Rxb7 25. Rc6 f3 26. Re1 fxg2 27. Qe3 Re7 28. Rc7 Re5 29. Qg3 g6 30. Qh3 Rf7 31. Rc8 e3 32. Rxe8+ Rxe8 33. Rxe3 Rxe3 34. Qxe3 1-0

[Event "Titled Tuesday intern op 4th Febr"]
[Site "Chess.com INT"]
[Date "2020.02.04"]
[Round "7"]
[White "Slizhevsky, Alexander"]
[Black "Foisor, Sabina Francesca"]
[Result "0-1"]
[WhiteElo "2426"]
[BlackElo "2228"]
[PlyCount "130"]
[EventDate "2020.02.04"]
[EventType "swiss (blitz)"]
[EventRounds "10"]
[EventCountry "USA"]
[SourceTitle "EXT 2021"]
[Source "ChessBase"]
[SourceDate "2020.10.23"]
[SourceVersion "1"]
[SourceVersionDate "2020.10.23"]
[SourceQuality "1"]

1. e4 e5 2. Nf3 Nc6 3. Bb5 a6 4. Ba4 Nf6 5. 0-0 Be7 6. Re1 b5 7. Bb3 0-0 8. a4 Rb8 9. axb5 axb5 10. c3 d6 11. h3 Bb7 12. d4 exd4 13. cxd4 Nb4 14. Nc3 c5 15. e5 dxe5 16. dxe5 Qxd1 17. Rxd1 Ne8 18. Rd7 Bxf3 19. gxf3 c4 20. Bxc4 bxc4 21. Rxe7 Nc6 22. Nd5 Nxe7 23. Nxe7+ Kh8 24. Ra4 c3 25. b4 Nc7 26. Ra3 Nb5 27. Ra5 Nd4 28. Be3 Rxb4 29. Rc5 Nxf3+ 30. Kg2 Nh4+ 31. Kg3 Ng6 32. Nd5 Re4 33. f4 Ra4 34. Nxc3 Ra3 35. Kf3 Ne7 36. Ne4 Nf5 37. Rc3 Rxc3 38. Nxc3 Rd8 39. Ke4 Ng3+ 40. Kf3 Nf5 41. Ke4 g6 42. Bf2 Kg7 43. Nd5 Ra8 44. Bc5 Ra4+ 45. Kf3 h5 46. Ne7 Nxe7 47. Bxe7 Rc4 48. Kg3 Rc3+ 49. Kg2 Rc7 50. Bf6+ Kf8 51. Kg3 Ke8 52. f5 Rc4 53. fxg6 fxg6 54. e6 Rc6 55. Kf4 Rxe6 56. Bg5 Kf7 57. h4 Ra6 58. Kf3 Ra4 59. Kg3 Ke6 60. Kf3 Kf5 61. Bd8 Rg4 62. Be7 Rd4 63. Kg3 Rd3+ 64. Kg2 Kg4 65. Bg5 Rh3 0-1

[Event "Titled Tuesday intern op 4th Febr"]
[Site "Chess.com INT"]
[Date "2020.02.04"]
[Round "1"]
[White "Vazquez, Guillermo"]
[Black "Slizhevsky, Alexander"]
[Result "1-0"]
[WhiteElo "2524"]
[BlackElo "2426"]
[PlyCount "71"]
[EventDate "2020.02.04"]
[EventType "swiss (blitz)"]
[EventRounds "10"]
[EventCountry "USA"]
[SourceTitle "EXT 2021"]
[Source "ChessBase"]
[SourceDate "2020.10.23"]
[SourceVersion "1"]
[SourceVersionDate "2020.10.23"]
[SourceQuality "1"]

1. e4 c5 2. Nf3 d6 3. Bb5+ Bd7 4. c4 Nc6 5. 0-0 Nf6 6. Nc3 g6 7. d4 cxd4 8. Nxd4 Bg7 9. Be3 Ng4 10. Nxc6 bxc6 11. Bxc6 Nxe3 12. Bxd7+ Qxd7 13. fxe3 Bxc3 14. bxc3 0-0-0 15. Rb1 Qc6 16. Rxf7 Qxe4 17. Qb3 Kd7 18. Qb7+ Qxb7 19. Rxb7+ Kc6 20. Rfxe7 Rc8 21. Rxa7 h5 22. Kf2 Rhe8 23. Rxe8 Rxe8 24. Rg7 Re6 25. Ke2 Rf6 26. h4 d5 27. cxd5+ Kxd5 28. Kd3 Ke5 29. a4 Ra6 30. Re7+ Kf6 31. Re4 Kf5 32. Rf4+ Ke5 33. Rb4 Rd6+ 34. Kc2 Rf6 35. a5 Ra6 36. Ra4 1-0